Fichas de bibliografía potosina de 1956 /

En esta bibliografía se incluyen las obras que se realizaron en San Luis Potosí y las obras referentes a ese Estado durante 1955.

Na minha lista:
Detalhes bibliográficos
Formato: Livro
Idioma:espanhol
Assuntos:
Tags: Adicionar Tag
Sem tags, seja o primeiro a adicionar uma tag!

MARC

LEADER 00000nam^a2200000^a^4500
001 000111590
005 20250521000000.0
009 20260310093837.049
037 |a Acervo ITESO - Biblioteca 
041 |a ESP 
082 |a 972. 440016  |b FIC 1956 V. 2 
240 1 1 |a [Fichas de bibliografía potosina] 
245 1 0 |a Fichas de bibliografía potosina de 1956 /  |c Universidad Autónoma de San Luis Potosí. 
264 |a San Luis Potosí, México :  |b Universidad Autónoma de San Luis Potosí,  |c 1956 
300 |a 117 p. 
336 |a texto  |b txt  |2 rdacontenido 
337 |a sin mediación  |b n  |2 rdamedio 
338 |a volumen  |b nc  |2 rdasoporte 
520 |a En esta bibliografía se incluyen las obras que se realizaron en San Luis Potosí y las obras referentes a ese Estado durante 1955. 
649 |a XX 
650 |a Bibliografías 
650 |a Publicaciones Periódicas Mexicanas -  |x Bibliografías 
650 |a San Luis Potosí -  |x Bibliografías 
650 |a México -  |x Bibliografías 
910 |a Fondo Salvador Reynoso Reynoso 
920 |a Impresos - Libros 
930 |a Fondos Especiales 
905 |a 112 
901 |a 0800000991  |b IT2  |c ESP  |u 20250521 
902 |a https://opac.biblio.iteso.mx/vufind/Record/000111590